000 00579nam a2200229Ia 4500
003 OSt
005 20220928130717.0
006 a|||||r|||| 00| 0
007 ta
008 220927b |||||||| |||| 00| 0 eng d
024 _a40070
037 _cTextual
040 _aSDCL
_cSDCL
_beng
041 _2eng
_aeng
082 _aS:815, L5
100 _aBlanco Ignacio Matte
_9475754
245 0 _aLogic.
260 _aLondon
_bDuckworth
_c1975
300 _axxii,472p.
_ccm.
942 _hS:815, L5
_cTEXL
_2CC
999 _c788247
_d788247